| 000 | 01102cam a2200277 a 4500 | ||
|---|---|---|---|
| 999 |
_c126704 _d126704 |
||
| 001 | 2050399 | ||
| 003 | ARRUPE | ||
| 005 | 20170821100338.0 | ||
| 008 | 930407s1993 gaua b 001 0 eng | ||
| 010 | _a 93015729 | ||
| 020 | _a0820315907 (alk. paper) | ||
| 020 | _a0820315915 (pbk. : alk. paper) | ||
| 040 |
_aDLC _cDLC _dDLC |
||
| 050 | 0 | 0 |
_aCB19 _b.S745 1993 |
| 082 | 0 | 0 |
_a306/.01 _220 |
| 100 | 1 |
_aStorey, John, _d1950- _934921 |
|
| 245 | 1 | 3 |
_aAn introductory guide to cultural theory and popular culture / _cJohn Storey. |
| 260 |
_aAthens : _bUniversity of Georgia Press, _c1993. |
||
| 300 |
_axiii, 238 p. : _bill. ; _c22 cm. |
||
| 504 | _aIncludes bibliographical references (p. 204-227) and index. | ||
| 650 | 0 |
_aPopular culture _xPhilosophy. _934922 |
|
| 650 | 0 |
_aCulture _xPhilosophy. _96330 |
|
| 740 | 0 | _aCultural theory and popular culture. | |
| 906 |
_a7 _bcbc _corignew _d1 _eocip _f19 _gy-gencatlg |
||
| 942 |
_2lcc _cMONOGRAPH |
||